000 00511nam a2200205Ia 4500
003 OSt
005 20140311163100.0
008 140130s9999 xx 000 0 und d
020 _a0590459848
050 _aPZ 7
_b.J7435 1992
100 _aJoose, Barbara
_931324
245 _aMama, do you love me? /
_cBarbara Joose.
260 _bScholastic,
_c1992.
_aNew York :
300 _a25 p. :
_bcol. ill. ;
_c24 cm.
440 _v1
_931174
521 _aG2
526 _c420
942 _cBK
_2lcc
999 _c40307
_d40307